[Event "Classic Open"]
[Site "Estonia Resort Hotel & Spa conference center, Parnu, EE"]
[Date "2025.08.13"]
[Round "4"]
[White "Meshkovs, Nikita"]
[Black "Fischer, Daniel"]
[Result "1/2-1/2"]
[Board "2"]
[WhiteFideId "11602740"]
[BlackFideId "1328360"]
[WhiteTitle "GM"]
[BlackTitle "IM"]
[WhiteElo "2547"]
[BlackElo "2360"]
[WhiteTeam "LAT"]
[BlackTeam "SUI"]
[WhiteClock "0:07:25"]
[BlackClock "0:02:37"]
[Variant "Standard"]

1. Nf3 {[%clk 1:30:57]}  d5 {[%clk 1:29:50]} 2. d4 {[%clk 1:31:09]}  Nf6 {[%clk 1:30:15]} 3. c4 {[%clk 1:31:15]}  e6 {[%clk 1:30:38]} 4. g3 {[%clk 1:31:21]}  Bb4+ {[%clk 1:30:46]} 5. Bd2 {[%clk 1:31:27]}  Be7 {[%clk 1:31:10]} 6. Bg2 {[%clk 1:31:33]}  O-O {[%clk 1:31:34]} 7. O-O {[%clk 1:31:21]}  c6 {[%clk 1:31:50]} 8. Bf4 {[%clk 1:31:33]}  dxc4 {[%clk 1:31:50]} 9. Ne5 {[%clk 1:31:47]}  Nd5 {[%clk 1:32:09]} 10. Nxc4 {[%clk 1:32:01]}  Nxf4 {[%clk 1:32:35]} 11. gxf4 {[%clk 1:32:21]}  Nd7 {[%clk 1:32:33]} 12. e3 {[%clk 1:30:40]}  Qc7 {[%clk 1:32:32]} 13. Nc3 {[%clk 1:30:22]}  b6 {[%clk 1:32:16]} 14. Rc1 {[%clk 1:29:09]}  Bb7 {[%clk 1:32:40]} 15. Qb3 {[%clk 1:13:49]}  Rac8 {[%clk 1:30:12]} 16. a4 {[%clk 1:10:17]}  Qb8 {[%clk 1:16:20]} 17. Rfd1 {[%clk 1:09:33]}  Nf6 {[%clk 1:11:04]} 18. a5 {[%clk 1:06:48]}  c5 {[%clk 1:06:20]} 19. d5 {[%clk 1:04:29]}  exd5 {[%clk 0:59:19]} 20. Nxd5 {[%clk 1:03:28]}  Bxd5 {[%clk 0:42:41]} 21. Bxd5 {[%clk 1:03:56]}  bxa5 {[%clk 0:31:57]} 22. Qxb8 {[%clk 0:52:59]}  Rxb8 {[%clk 0:32:23]} 23. Bc6 {[%clk 0:47:02]}  Rfd8 {[%clk 0:29:04]} 24. Kg2 {[%clk 0:38:32]}  Rxd1 {[%clk 0:27:11]} 25. Rxd1 {[%clk 0:38:56]}  Rb4 {[%clk 0:26:47]} 26. Rc1 {[%clk 0:39:24]}  Kf8 {[%clk 0:23:18]} 27. Rc2 {[%clk 0:37:39]}  Bd8 {[%clk 0:23:05]} 28. Ne5 {[%clk 0:38:07]}  Be7 {[%clk 0:21:12]} 29. Kf3 {[%clk 0:37:42]}  Rb6 {[%clk 0:19:39]} 30. Ba4 {[%clk 0:37:29]}  Rb7 {[%clk 0:17:17]} 31. Rd2 {[%clk 0:34:06]}  g6 {[%clk 0:08:19]} 32. b3 {[%clk 0:32:27]}  Ne8 {[%clk 0:07:16]} 33. Nc4 {[%clk 0:32:25]}  f5 {[%clk 0:06:56]} 34. Nxa5 {[%clk 0:23:29]}  Rc7 {[%clk 0:07:25]} 35. Nc4 {[%clk 0:23:37]}  Nf6 {[%clk 0:07:25]} 36. Ke2 {[%clk 0:21:44]}  Rc8 {[%clk 0:06:20]} 37. Ne5 {[%clk 0:21:24]}  Ne4 {[%clk 0:03:02]} 38. Rd7 {[%clk 0:15:41]}  c4 {[%clk 0:03:27]} 39. Nxc4 {[%clk 0:15:51]}  Nc3+ {[%clk 0:03:39]} 40. Kd3 {[%clk 0:15:58]}  Ne4 {[%clk 0:03:37]} 41. Kc2 {[%clk 0:14:55]}  Nxf2 {[%clk 0:03:34]} 42. Rxa7 {[%clk 0:15:22]}  Bc5 {[%clk 0:02:31]} 43. Rxh7 {[%clk 0:12:58]}  Kg8 {[%clk 0:03:00]} 44. Rb7 {[%clk 0:13:17]}  Bxe3 {[%clk 0:03:18]} 45. Bd7 {[%clk 0:13:46]}  Rc5 {[%clk 0:03:39]} 46. Be6+ {[%clk 0:12:04]}  Kh8 {[%clk 0:03:16]} 47. b4 {[%clk 0:07:53]}  Rc6 {[%clk 0:03:40]} 48. Bd5 {[%clk 0:08:22]}  Rc8 {[%clk 0:04:01]} 49. Be6 {[%clk 0:07:55]}  Rc6 {[%clk 0:04:28]} 50. Re7 {[%clk 0:08:12]}  Bxf4 {[%clk 0:04:30]} 51. b5 {[%clk 0:08:37]}  Rc7 {[%clk 0:03:41]} 52. Re8+ {[%clk 0:08:41]}  Kg7 {[%clk 0:04:00]} 53. b6 {[%clk 0:07:05]}  Rc5 {[%clk 0:03:27]} 54. b7 {[%clk 0:06:47]}  Rb5 {[%clk 0:02:06]} 55. Bc8 {[%clk 0:07:16]}  Ne4 {[%clk 0:01:30]} 56. Re7+ {[%clk 0:05:03]}  Kf6 {[%clk 0:01:23]} 57. Re6+ {[%clk 0:05:32]}  Kf7 {[%clk 0:01:34]} 58. h4 {[%clk 0:04:49]}  Rxb7 {[%clk 0:00:49]} 59. Rxe4 {[%clk 0:04:10]}  fxe4 {[%clk 0:01:17]} 60. Bxb7 {[%clk 0:04:30]}  Bg3 {[%clk 0:01:21]} 61. Bxe4 {[%clk 0:04:46]}  Bxh4 {[%clk 0:01:38]} 62. Ne5+ {[%clk 0:05:15]}  Kg7 {[%clk 0:01:38]} 63. Nxg6 {[%clk 0:05:43]}  Bf6 {[%clk 0:01:57]} 64. Kd3 {[%clk 0:06:09]}  Bb2 {[%clk 0:02:10]} 65. Nf4 {[%clk 0:06:28]}  Ba1 {[%clk 0:02:19]} 66. Bf5 {[%clk 0:06:47]}  Kf6 {[%clk 0:02:18]} 67. Ke4 {[%clk 0:07:15]}  Bb2 {[%clk 0:02:20]} 68. Nd5+ {[%clk 0:07:06]}  Kf7 {[%clk 0:02:40]} 69. Bg4 {[%clk 0:07:19]}  Kg6 {[%clk 0:02:37]} 70. Bd7 {[%clk 0:07:25]} 1/2-1/2

[Event "Classic Open"]
[Site "Estonia Resort Hotel & Spa conference center, Parnu, EE"]
[Date "2025.08.13"]
[Round "4"]
[White "Sharan, Rao"]
[Black "Bogner, Sebastian"]
[Result "0-1"]
[Board "3"]
[WhiteFideId "5073464"]
[BlackFideId "4692055"]
[WhiteTitle "IM"]
[BlackTitle "GM"]
[WhiteElo "2365"]
[BlackElo "2552"]
[WhiteTeam "IND"]
[BlackTeam "SUI"]
[WhiteClock "0:25:23"]
[BlackClock "0:07:42"]
[Variant "Standard"]

1. Nf3 {[%clk 1:27:35]}  d5 {[%clk 1:30:17]} 2. b3 {[%clk 1:27:59]}  Bf5 {[%clk 1:30:11]} 3. Bb2 {[%clk 1:28:24]}  e6 {[%clk 1:30:36]} 4. e3 {[%clk 1:28:52]}  Nf6 {[%clk 1:30:55]} 5. d4 {[%clk 1:29:17]}  Bb4+ {[%clk 1:31:19]} 6. c3 {[%clk 1:29:35]}  Bd6 {[%clk 1:31:43]} 7. Bd3 {[%clk 1:30:01]}  Nbd7 {[%clk 1:26:34]} 8. Bxf5 {[%clk 1:30:14]}  exf5 {[%clk 1:26:58]} 9. O-O {[%clk 1:30:39]}  c6 {[%clk 1:26:41]} 10. c4 {[%clk 1:31:03]}  O-O {[%clk 1:24:46]} 11. Nc3 {[%clk 1:31:26]}  a6 {[%clk 1:21:47]} 12. Qd3 {[%clk 1:31:43]}  g6 {[%clk 1:22:09]} 13. Rfc1 {[%clk 1:30:13]}  Qe7 {[%clk 1:21:22]} 14. g3 {[%clk 1:29:41]}  h6 {[%clk 1:15:57]} 15. Rc2 {[%clk 1:28:56]}  Qe6 {[%clk 1:15:42]} 16. Rd1 {[%clk 1:19:19]}  Rad8 {[%clk 1:11:51]} 17. Nd2 {[%clk 1:16:53]}  Ne4 {[%clk 1:08:38]} 18. cxd5 {[%clk 1:13:55]}  cxd5 {[%clk 1:09:02]} 19. Rdc1 {[%clk 1:12:25]}  Ndf6 {[%clk 0:58:26]} 20. Nd1 {[%clk 1:12:04]}  Rfe8 {[%clk 0:55:28]} 21. Bc3 {[%clk 1:07:21]}  h5 {[%clk 0:44:46]} 22. Ba5 {[%clk 1:04:32]}  Ra8 {[%clk 0:45:15]} 23. Bc7 {[%clk 1:02:49]}  Ba3 {[%clk 0:45:15]} 24. Rb1 {[%clk 1:01:54]}  Bb4 {[%clk 0:43:11]} 25. Nf3 {[%clk 1:00:59]}  Rac8 {[%clk 0:43:23]} 26. Rbc1 {[%clk 0:59:11]}  Ba3 {[%clk 0:43:17]} 27. Rb1 {[%clk 0:59:35]}  Qd7 {[%clk 0:38:47]} 28. Ne5 {[%clk 0:55:25]}  Qe7 {[%clk 0:32:21]} 29. Ba5 {[%clk 0:55:35]}  Bd6 {[%clk 0:32:22]} 30. Rbc1 {[%clk 0:53:54]}  Rxc2 {[%clk 0:30:33]} 31. Qxc2 {[%clk 0:53:08]}  Bxe5 {[%clk 0:25:23]} 32. dxe5 {[%clk 0:53:32]}  Qxe5 {[%clk 0:25:50]} 33. Bb6 {[%clk 0:52:28]}  Qe6 {[%clk 0:24:35]} 34. Bd4 {[%clk 0:51:08]}  Ng5 {[%clk 0:21:50]} 35. Nb2 {[%clk 0:38:32]}  Nf3+ {[%clk 0:16:44]} 36. Kg2 {[%clk 0:37:42]}  Nxd4 {[%clk 0:17:07]} 37. exd4 {[%clk 0:38:10]}  f4 {[%clk 0:17:13]} 38. Nd3 {[%clk 0:34:57]}  f3+ {[%clk 0:17:07]} 39. Kg1 {[%clk 0:34:49]}  Qe4 {[%clk 0:08:47]} 40. Ne5 {[%clk 0:34:14]}  Ng4 {[%clk 0:07:53]} 41. Qxe4 {[%clk 0:30:47]}  dxe4 {[%clk 0:08:21]} 42. Nc4 {[%clk 0:31:11]}  Rd8 {[%clk 0:07:52]} 43. h3 {[%clk 0:31:04]}  Nf6 {[%clk 0:07:22]} 44. Rd1 {[%clk 0:26:24]}  Nd5 {[%clk 0:07:46]} 45. Kh2 {[%clk 0:26:50]}  Kg7 {[%clk 0:05:31]} 46. Rd2 {[%clk 0:27:03]}  f5 {[%clk 0:05:38]} 47. Ne5 {[%clk 0:25:33]}  Rc8 {[%clk 0:05:43]} 48. b4 {[%clk 0:23:53]}  g5 {[%clk 0:05:24]} 49. b5 {[%clk 0:24:01]}  axb5 {[%clk 0:05:34]} 50. Rb2 {[%clk 0:24:29]}  b4 {[%clk 0:05:46]} 51. a3 {[%clk 0:24:52]}  bxa3 {[%clk 0:05:38]} 52. Rxb7+ {[%clk 0:25:21]}  Rc7 {[%clk 0:06:03]} 53. Rb5 {[%clk 0:24:36]}  Ra7 {[%clk 0:06:30]} 54. Nc6 {[%clk 0:24:41]}  a2 {[%clk 0:06:32]} 55. Nxa7 {[%clk 0:24:18]}  a1=Q {[%clk 0:06:58]} 56. Rxd5 {[%clk 0:24:40]}  Qxa7 {[%clk 0:06:59]} 57. Rxf5 {[%clk 0:25:06]}  Qxd4 {[%clk 0:07:16]} 58. Rxg5+ {[%clk 0:25:23]}  Kh6 {[%clk 0:07:42]} 0-1

[Event "Classic Open"]
[Site "Estonia Resort Hotel & Spa conference center, Parnu, EE"]
[Date "2025.08.13"]
[Round "4"]
[White "Kopylov, Michael"]
[Black "Keinanen, Toivo"]
[Result "1/2-1/2"]
[Board "4"]
[WhiteFideId "14105080"]
[BlackFideId "509825"]
[WhiteTitle "IM"]
[BlackTitle "IM"]
[WhiteElo "2328"]
[BlackElo "2517"]
[WhiteTeam "UKR"]
[BlackTeam "FIN"]
[WhiteClock "0:01:10"]
[BlackClock "0:02:24"]
[Variant "Standard"]

1. d4 {[%clk 1:27:23]}  d5 {[%clk 1:29:32]} 2. c4 {[%clk 1:27:26]}  e6 {[%clk 1:29:59]} 3. Nf3 {[%clk 1:27:44]}  Nf6 {[%clk 1:30:26]} 4. Nc3 {[%clk 1:26:35]}  Be7 {[%clk 1:24:31]} 5. Bf4 {[%clk 1:25:20]}  O-O {[%clk 1:23:46]} 6. e3 {[%clk 1:25:40]}  c5 {[%clk 1:21:28]} 7. dxc5 {[%clk 1:25:20]}  Bxc5 {[%clk 1:21:50]} 8. cxd5 {[%clk 1:25:20]}  Nxd5 {[%clk 1:22:13]} 9. Nxd5 {[%clk 0:00:00]}  exd5 {[%clk 1:22:41]} 10. Bd3 {[%clk 1:25:12]}  Bb4+ {[%clk 1:22:07]} 11. Nd2 {[%clk 1:22:44]}  d4 {[%clk 1:19:43]} 12. e4 {[%clk 1:18:09]}  Nc6 {[%clk 1:10:25]} 13. O-O {[%clk 1:15:49]}  Be6 {[%clk 1:06:38]} 14. a3 {[%clk 1:10:07]}  Be7 {[%clk 1:02:30]} 15. Rc1 {[%clk 1:08:58]}  Rc8 {[%clk 0:57:19]} 16. Qe2 {[%clk 0:52:10]}  Qd7 {[%clk 0:54:51]} 17. e5 {[%clk 0:43:43]}  Bf5 {[%clk 0:42:59]} 18. Ne4 {[%clk 0:37:23]}  Rfe8 {[%clk 0:39:58]} 19. Qf3 {[%clk 0:36:38]}  Bf8 {[%clk 0:34:35]} 20. Qg3 {[%clk 0:34:16]}  Bxe4 {[%clk 0:28:51]} 21. Bxe4 {[%clk 0:34:32]}  g6 {[%clk 0:28:56]} 22. Rfe1 {[%clk 0:25:25]}  Bg7 {[%clk 0:27:32]} 23. Bd3 {[%clk 0:21:48]}  Re7 {[%clk 0:19:18]} 24. Bc4 {[%clk 0:18:39]}  Na5 {[%clk 0:11:48]} 25. Ba2 {[%clk 0:13:37]}  Rxc1 {[%clk 0:11:21]} 26. Bxc1 {[%clk 0:12:24]}  Bxe5 {[%clk 0:03:56]} 27. Rxe5 {[%clk 0:03:12]}  Qc7 {[%clk 0:04:25]} 28. Bxf7+ {[%clk 0:02:54]}  Kxf7 {[%clk 0:04:18]} 29. Qf4+ {[%clk 0:02:20]}  Kg8 {[%clk 0:03:05]} 30. Rxe7 {[%clk 0:01:33]}  Qxe7 {[%clk 0:03:35]} 31. Kf1 {[%clk 0:01:25]}  Nb3 {[%clk 0:02:38]} 32. Qb8+ {[%clk 0:01:23]}  Kf7 {[%clk 0:02:27]} 33. Bg5 {[%clk 0:01:15]}  Qd7 {[%clk 0:00:49]} 34. Qf4+ {[%clk 0:01:10]}  Kg8 {[%clk 0:00:35]} 35. Bh6 {[%clk 0:01:00]}  Qb5+ {[%clk 0:00:37]} 36. Kg1 {[%clk 0:00:44]}  Qe8 {[%clk 0:01:06]} 37. h3 {[%clk 0:00:42]}  Qe7 {[%clk 0:00:57]} 38. Qb8+ {[%clk 0:00:31]}  Kf7 {[%clk 0:03:22]} 39. Qf4+ {[%clk 0:00:43]}  Qf6 {[%clk 0:01:10]} 40. Qc7+ {[%clk 0:00:46]}  Qe7 {[%clk 0:01:39]} 41. Qf4+ {[%clk 0:00:52]}  Qf6 {[%clk 0:01:57]} 42. Qc7+ {[%clk 0:01:10]}  Qe7 {[%clk 0:02:24]} 1/2-1/2

[Event "Classic Open"]
[Site "Estonia Resort Hotel & Spa conference center, Parnu, EE"]
[Date "2025.08.13"]
[Round "4"]
[White "Savitha Shri B"]
[Black "Poetsch, Hagen"]
[Result "1/2-1/2"]
[Board "5"]
[WhiteFideId "35061887"]
[BlackFideId "24615137"]
[WhiteTitle "IM"]
[BlackTitle "GM"]
[WhiteElo "2326"]
[BlackElo "2479"]
[WhiteTeam "IND"]
[BlackTeam "GER"]
[WhiteClock "0:06:20"]
[BlackClock "0:02:20"]
[Variant "Standard"]

1. e4 {[%clk 1:28:20]}  c5 {[%clk 1:30:54]} 2. Nf3 {[%clk 1:28:40]}  d6 {[%clk 1:31:19]} 3. d4 {[%clk 1:29:02]}  cxd4 {[%clk 1:31:44]} 4. Nxd4 {[%clk 1:29:26]}  Nf6 {[%clk 1:32:07]} 5. Nc3 {[%clk 1:29:53]}  Nc6 {[%clk 1:32:32]} 6. Bc4 {[%clk 1:29:45]}  e6 {[%clk 1:31:57]} 7. Be3 {[%clk 1:30:09]}  Bd7 {[%clk 1:32:13]} 8. Qe2 {[%clk 1:28:51]}  a6 {[%clk 1:32:06]} 9. Bb3 {[%clk 1:24:26]}  b5 {[%clk 1:27:39]} 10. O-O-O {[%clk 1:20:14]}  Na5 {[%clk 1:26:30]} 11. f3 {[%clk 1:10:42]}  b4 {[%clk 1:17:23]} 12. Nb1 {[%clk 1:03:44]}  Be7 {[%clk 1:09:30]} 13. g4 {[%clk 1:03:31]}  O-O {[%clk 1:08:21]} 14. h4 {[%clk 0:51:08]}  Qc7 {[%clk 0:51:02]} 15. h5 {[%clk 0:49:51]}  Bb5 {[%clk 0:49:14]} 16. Qd2 {[%clk 0:39:43]}  d5 {[%clk 0:40:41]} 17. g5 {[%clk 0:38:22]}  Nd7 {[%clk 0:40:51]} 18. Nxb5 {[%clk 0:29:41]}  axb5 {[%clk 0:40:24]} 19. exd5 {[%clk 0:30:08]}  Nc5 {[%clk 0:30:21]} 20. Bxc5 {[%clk 0:30:27]}  Qxc5 {[%clk 0:30:42]} 21. f4 {[%clk 0:25:44]}  Nxb3+ {[%clk 0:24:55]} 22. axb3 {[%clk 0:26:10]}  Rfd8 {[%clk 0:25:03]} 23. Qd4 {[%clk 0:22:27]}  Rxd5 {[%clk 0:24:40]} 24. Qxc5 {[%clk 0:21:57]}  Rxc5 {[%clk 0:24:24]} 25. Rd7 {[%clk 0:18:21]}  Kf8 {[%clk 0:23:02]} 26. c3 {[%clk 0:16:03]}  bxc3 {[%clk 0:21:22]} 27. bxc3 {[%clk 0:16:19]}  Rf5 {[%clk 0:21:18]} 28. Rb7 {[%clk 0:13:57]}  Bd6 {[%clk 0:21:07]} 29. g6 {[%clk 0:14:23]}  fxg6 {[%clk 0:19:15]} 30. hxg6 {[%clk 0:14:49]}  h6 {[%clk 0:14:30]} 31. Kb2 {[%clk 0:12:43]}  Rxf4 {[%clk 0:12:18]} 32. b4 {[%clk 0:13:12]}  Rb8 {[%clk 0:08:48]} 33. Rd7 {[%clk 0:12:26]}  Be5 {[%clk 0:08:45]} 34. Re1 {[%clk 0:12:39]}  Bf6 {[%clk 0:08:09]} 35. Kb3 {[%clk 0:13:08]}  Rg4 {[%clk 0:05:45]} 36. Rxe6 {[%clk 0:11:59]}  Rxg6 {[%clk 0:06:10]} 37. Nd2 {[%clk 0:10:45]}  Rg3 {[%clk 0:04:12]} 38. Ne4 {[%clk 0:08:07]}  Re3 {[%clk 0:04:36]} 39. Rdd6 {[%clk 0:08:30]}  Kf7 {[%clk 0:03:27]} 40. Kc2 {[%clk 0:06:50]}  Be7 {[%clk 0:02:35]} 41. Rc6 {[%clk 0:07:14]}  Re2+ {[%clk 0:02:13]} 42. Kd3 {[%clk 0:07:10]}  Rh2 {[%clk 0:02:29]} 43. Re5 {[%clk 0:07:00]}  Rh3+ {[%clk 0:02:26]} 44. Kc2 {[%clk 0:06:57]}  Rh2+ {[%clk 0:02:08]} 45. Kb3 {[%clk 0:07:10]}  Rb7 {[%clk 0:02:25]} 46. Rf5+ {[%clk 0:05:45]}  Kg8 {[%clk 0:02:13]} 47. Nc5 {[%clk 0:05:51]}  Bxc5 {[%clk 0:02:20]} 48. Rcxc5 {[%clk 0:06:20]} 1/2-1/2

[Event "Classic Open"]
[Site "Estonia Resort Hotel & Spa conference center, Parnu, EE"]
[Date "2025.08.13"]
[Round "4"]
[White "Krivonosov, Oleg"]
[Black "Pidluznij, Gleb"]
[Result "1/2-1/2"]
[Board "6"]
[WhiteFideId "11600349"]
[BlackFideId "12817082"]
[WhiteTitle "IM"]
[BlackTitle "FM"]
[WhiteElo "2320"]
[BlackElo "2431"]
[WhiteTeam "LAT"]
[BlackTeam "LTU"]
[WhiteClock "1:13:01"]
[BlackClock "0:45:55"]
[Variant "Standard"]

1. Nf3 {[%clk 1:30:55]}  d5 {[%clk 1:27:32]} 2. d4 {[%clk 1:30:55]}  Nf6 {[%clk 1:27:37]} 3. c4 {[%clk 1:31:15]}  e6 {[%clk 1:27:51]} 4. g3 {[%clk 1:31:35]}  Be7 {[%clk 1:27:49]} 5. Bg2 {[%clk 1:31:58]}  O-O {[%clk 1:28:12]} 6. O-O {[%clk 1:32:18]}  a5 {[%clk 1:28:38]} 7. Qc2 {[%clk 1:32:03]}  Nc6 {[%clk 1:29:00]} 8. Bg5 {[%clk 1:29:17]}  Nb4 {[%clk 1:14:03]} 9. Qc1 {[%clk 1:28:20]}  a4 {[%clk 1:11:42]} 10. Rd1 {[%clk 1:24:21]}  h6 {[%clk 0:58:33]} 11. Bf4 {[%clk 1:15:51]}  Bd7 {[%clk 0:46:24]} 12. Ne5 {[%clk 1:13:01]}  Bc8 {[%clk 0:45:55]} 1/2-1/2

[Event "Classic Open"]
[Site "Estonia Resort Hotel & Spa conference center, Parnu, EE"]
[Date "2025.08.13"]
[Round "4"]
[White "Andrijashkin, Deniss"]
[Black "Kostov, Deyan Samuil"]
[Result "1-0"]
[Board "7"]
[WhiteFideId "4504631"]
[BlackFideId "30909015"]
[BlackTitle "FM"]
[WhiteElo "2114"]
[BlackElo "2368"]
[WhiteTeam "EST"]
[BlackTeam "BUL"]
[WhiteClock "0:01:06"]
[BlackClock "0:06:28"]
[Variant "Standard"]

1. Nf3 {[%clk 1:28:23]}  d5 {[%clk 1:30:42]} 2. g3 {[%clk 1:27:59]}  c6 {[%clk 1:30:05]} 3. Bg2 {[%clk 1:28:01]}  Bg4 {[%clk 1:29:58]} 4. c4 {[%clk 1:28:03]}  e6 {[%clk 1:30:11]} 5. O-O {[%clk 1:28:12]}  Nd7 {[%clk 1:30:31]} 6. cxd5 {[%clk 1:27:18]}  exd5 {[%clk 1:30:51]} 7. d3 {[%clk 1:27:37]}  Bd6 {[%clk 1:30:23]} 8. Nc3 {[%clk 1:26:37]}  Ne7 {[%clk 1:29:29]} 9. h3 {[%clk 1:24:07]}  Bh5 {[%clk 1:27:57]} 10. e4 {[%clk 1:22:00]}  d4 {[%clk 1:20:18]} 11. Ne2 {[%clk 1:17:59]}  Bxf3 {[%clk 1:17:52]} 12. Bxf3 {[%clk 1:18:21]}  c5 {[%clk 1:18:14]} 13. Bg2 {[%clk 1:03:25]}  O-O {[%clk 1:15:58]} 14. f4 {[%clk 1:01:25]}  Qb6 {[%clk 1:16:10]} 15. Qa4 {[%clk 0:41:01]}  Nc6 {[%clk 0:58:38]} 16. Kh2 {[%clk 0:33:09]}  Rad8 {[%clk 0:51:55]} 17. a3 {[%clk 0:32:33]}  a5 {[%clk 0:45:08]} 18. Qc4 {[%clk 0:26:05]}  Bc7 {[%clk 0:36:32]} 19. Ng1 {[%clk 0:25:37]}  Ra8 {[%clk 0:30:18]} 20. Nf3 {[%clk 0:20:32]}  Qa6 {[%clk 0:28:39]} 21. Qc2 {[%clk 0:16:11]}  a4 {[%clk 0:27:12]} 22. e5 {[%clk 0:15:00]}  Qb5 {[%clk 0:22:20]} 23. Ng5 {[%clk 0:14:03]}  Nb6 {[%clk 0:20:28]} 24. Bd2 {[%clk 0:11:04]}  h6 {[%clk 0:20:02]} 25. Ne4 {[%clk 0:11:10]}  c4 {[%clk 0:20:12]} 26. Rfc1 {[%clk 0:09:59]}  cxd3 {[%clk 0:18:39]} 27. Qb1 {[%clk 0:08:54]}  Rad8 {[%clk 0:15:13]} 28. Bf1 {[%clk 0:07:06]}  Nd5 {[%clk 0:15:25]} 29. Bxd3 {[%clk 0:07:20]}  Qb6 {[%clk 0:15:45]} 30. Rc5 {[%clk 0:06:03]}  Qa7 {[%clk 0:12:02]} 31. Qa2 {[%clk 0:06:19]}  Nde7 {[%clk 0:11:29]} 32. Rac1 {[%clk 0:04:29]}  Kh8 {[%clk 0:11:42]} 33. Rb5 {[%clk 0:02:14]}  Kg8 {[%clk 0:10:22]} 34. Rbc5 {[%clk 0:02:26]}  Kh8 {[%clk 0:10:48]} 35. Rb5 {[%clk 0:01:50]}  Kg8 {[%clk 0:11:14]} 36. e6 {[%clk 0:01:36]}  Nc8 {[%clk 0:04:40]} 37. exf7+ {[%clk 0:01:47]}  Kh8 {[%clk 0:05:09]} 38. Rh5 {[%clk 0:01:39]}  Nd6 {[%clk 0:05:23]} 39. Ng5 {[%clk 0:01:17]}  Ba5 {[%clk 0:05:38]} 40. Qe6 {[%clk 0:01:23]}  Nxf7 {[%clk 0:05:51]} 41. Nxf7+ {[%clk 0:01:05]}  Rxf7 {[%clk 0:06:15]} 42. Qxf7 {[%clk 0:00:42]}  Bxd2 {[%clk 0:06:28]} 43. Rxh6+ {[%clk 0:01:06]} 1-0

[Event "Classic Open"]
[Site "Estonia Resort Hotel & Spa conference center, Parnu, EE"]
[Date "2025.08.13"]
[Round "4"]
[White "Rychagov, Nikita"]
[Black "Jakubowski, Krzysztof"]
[Result "0-1"]
[Board "8"]
[WhiteFideId "4508394"]
[BlackFideId "1112848"]
[WhiteTitle "CM"]
[BlackTitle "GM"]
[WhiteElo "2240"]
[BlackElo "2443"]
[WhiteTeam "EST"]
[BlackTeam "POL"]
[WhiteClock "0:08:48"]
[BlackClock "0:19:09"]
[Variant "Standard"]

1. e4 {[%clk 1:30:30]}  c5 {[%clk 1:30:52]} 2. Nf3 {[%clk 1:31:24]}  d6 {[%clk 1:31:13]} 3. d4 {[%clk 1:31:48]}  cxd4 {[%clk 1:31:37]} 4. Nxd4 {[%clk 1:32:15]}  Nf6 {[%clk 1:32:01]} 5. Nc3 {[%clk 1:32:40]}  a6 {[%clk 1:32:26]} 6. Be3 {[%clk 1:33:06]}  e5 {[%clk 1:32:50]} 7. Nb3 {[%clk 1:33:24]}  Be6 {[%clk 1:33:11]} 8. f3 {[%clk 1:33:47]}  Nbd7 {[%clk 1:33:19]} 9. g4 {[%clk 1:33:54]}  Nb6 {[%clk 1:33:37]} 10. g5 {[%clk 1:33:51]}  Nh5 {[%clk 1:34:00]} 11. Qd2 {[%clk 1:33:03]}  Be7 {[%clk 1:34:18]} 12. O-O-O {[%clk 1:33:02]}  O-O {[%clk 1:34:40]} 13. Kb1 {[%clk 1:32:25]}  Rc8 {[%clk 1:35:00]} 14. Rg1 {[%clk 1:20:42]}  g6 {[%clk 1:35:08]} 15. h4 {[%clk 1:07:44]}  Qc7 {[%clk 1:35:07]} 16. Qf2 {[%clk 1:04:44]}  Nc4 {[%clk 1:35:18]} 17. Bxc4 {[%clk 1:05:08]}  Qxc4 {[%clk 1:35:43]} 18. Rd3 {[%clk 0:55:37]}  b5 {[%clk 1:35:15]} 19. Nd5 {[%clk 0:51:49]}  Bxd5 {[%clk 1:35:23]} 20. exd5 {[%clk 0:52:14]}  Qa4 {[%clk 1:23:40]} 21. Nc1 {[%clk 0:39:55]}  b4 {[%clk 1:22:51]} 22. f4 {[%clk 0:33:51]}  exf4 {[%clk 1:22:16]} 23. Bd4 {[%clk 0:34:04]}  Rfe8 {[%clk 1:19:39]} 24. Rd2 {[%clk 0:30:33]}  Bf8 {[%clk 1:16:01]} 25. Qf3 {[%clk 0:29:33]}  Qa5 {[%clk 1:06:04]} 26. b3 {[%clk 0:24:18]}  Bg7 {[%clk 0:51:26]} 27. Bxg7 {[%clk 0:24:38]}  Kxg7 {[%clk 0:51:51]} 28. Nd3 {[%clk 0:25:04]}  Qb6 {[%clk 0:51:24]} 29. Rg4 {[%clk 0:18:56]}  Qe3 {[%clk 0:28:22]} 30. Qxe3 {[%clk 0:18:47]}  fxe3 {[%clk 0:28:46]} 31. Re2 {[%clk 0:19:15]}  a5 {[%clk 0:29:02]} 32. Kb2 {[%clk 0:18:08]}  f5 {[%clk 0:26:13]} 33. gxf6+ {[%clk 0:17:55]}  Kxf6 {[%clk 0:26:38]} 34. a3 {[%clk 0:17:04]}  Kf5 {[%clk 0:26:45]} 35. Rg5+ {[%clk 0:15:54]}  Ke4 {[%clk 0:27:09]} 36. axb4 {[%clk 0:15:03]}  axb4 {[%clk 0:27:34]} 37. Nxb4 {[%clk 0:13:31]}  Kf3 {[%clk 0:26:59]} 38. Re1 {[%clk 0:12:16]}  e2 {[%clk 0:27:15]} 39. Nd3 {[%clk 0:11:40]}  Re4 {[%clk 0:25:04]} 40. c4 {[%clk 0:06:17]}  Rxh4 {[%clk 0:21:54]} 41. c5 {[%clk 0:06:42]}  Rd4 {[%clk 0:21:17]} 42. Kc3 {[%clk 0:06:10]}  Rxd3+ {[%clk 0:21:05]} 43. Kxd3 {[%clk 0:06:36]}  Nf4+ {[%clk 0:21:29]} 44. Kd2 {[%clk 0:07:00]}  Rxc5 {[%clk 0:21:30]} 45. b4 {[%clk 0:07:05]}  Rc4 {[%clk 0:21:08]} 46. Rb1 {[%clk 0:07:25]}  Rd4+ {[%clk 0:21:05]} 47. Kc2 {[%clk 0:07:39]}  Nxd5 {[%clk 0:21:10]} 48. Rgg1 {[%clk 0:07:45]}  Rxb4 {[%clk 0:20:12]} 49. Ra1 {[%clk 0:08:01]}  Ne3+ {[%clk 0:19:23]} 50. Kc3 {[%clk 0:08:28]}  Rh4 {[%clk 0:19:25]} 51. Kd3 {[%clk 0:08:48]}  Ng2 {[%clk 0:19:09]} 0-1